000
00261nam a22001337a 4500
082
_a
920
_b
GUR/B
100
_a
GUEVARA, CHE
245
_a
BOLIVIAN THEORY
260
_a
CALICUT
_b
BOOK GALARY
300
_a
239
520
_a
NOVEL
650
_a
NOVEL
942
_c
BK
999
_c
5380
_d
5380